000 00864nam a22002297a 4500
008 240625b mp ||||| |||| 00| 0 mon d
020 _a978-99973-1-112-2
035 _a21163
040 _aGA0182080
_bmon
_cMN-UlNLM
_dMN-UlNLM
_erda
041 _amon
042 _a95265
084 _2NNA
_a84(4)
_bС.88
100 _aАнна Сьюэлл
245 0 _aХилэн хар
264 _aУлаанбаатар
_bАдмон принт ХХК
_c2015
300 _a335х.
336 _2rdacontent
_atext
_btxt
337 _2rdamedia
_aunmediated
_bn
338 _2rdacarrier
_avolume
_bnc
650 _aЗохиогч Анна Сьюэлл 12 настайгаасаа ажилчдын хүүхдүүдэд ном уншиж өгдөг байжээ. Тэрээр "Хилэн хар" зохиолоо долоон жилийн турш б...
942 _2NNA
_cBK
999 _c1042839
_d1042896